000 00486 a2200145 4500
020 _a10790713
050 _aRT120.I5
_b.A33 1995
245 _aAACN clinical issues :
_b advance practice in acute and critical care /
_cAmerican Association of Critical-Care Nurses.
300 _a684 p . ;
_bill ;
_c22 cm .
504 _ainclude index
650 _aIntensive care nursing
_xPeriodicals.
_94743
650 _2Intensive care nursing.
650 _aintensive care
_94744
942 _2lcc
_cBK
_n0
999 _c2386
_d2386